01051cam a2200253 a 4500999001700000001000900017005001700026008004100043010001700084020003800101035002400139040002300163043002100186050003000207100003400237245020400271260004200475300003400517504005100551650006100602650006000663700003700723942003700760 c25479d254791549552120170131123241.0081023s2009 nyua b 001 0 eng  a 2008046307 a9781933360379 (pbk. : alk. paper) a(OCoLC)ocn268547455 aDLCcDLCdYDXdDLC an-us-paan-us-ny00aNA5230 b.N72G465 20091 aKitt, Phyllis Pittman,d1929-10aGod's country :bhistoric churches and chapels of the Genesee Valley /cPhyllis Pittman Kitt ; with a foreword by Stuart Bolger and a commentary on architecture by consulting architect, Frank Grosso. aRochester, N.Y. :bRIT Press,cc2009. a236 p. :bcol. ill. ;c31 cm. aIncludes bibliographical references and index. 0aChurch architecturezGenesee River Valley (Pa. and N.Y.) 0aHistoric buildingszGenesee River Valley (Pa. and N.Y.)1 aGrosso, Frank.tOn architecture. 2lcccBOOKShNA5230 .N72G465 2009